000 01001nam a2200313Ia 4500
001 Para_5057
003 CHAP
008 220125s1978 xx 000 0 und d
010 _a203356
040 _cCHAP
082 _aPA 632.7 C55
100 _aBartlett, B.R.
_910627
245 _aIntroduced parasites and predators or arthropod pests and weeds :
_b a world review /
_c by B.R. Bartlett [et. al.]
260 _aWashington :
_b EUA. Department of Agriculture
300 _a545 p.
440 _aAgriculture handbook; 480
_9165579
650 _aControl biológico de malas hierbas
_927584
650 _aControl biológico de plagas
_927587
650 _aCultivos
_x plagas
_930305
650 _aMalas hierbas
_x control por insectos
_970013
710 _aEUA. Department of Agriculture
_938805
901 _aPA 632.7 C55
902 _aA
905 _a0000001978 WOO 0000000000 00
910 _a1978
942 _cPARA
942 _cPARA
_d1
999 _c203356
_d203356